00718nam a22001457a 4500008004100000020001500041050001400056100001800070245006700088260004200155300002900197500005000226505027300276650002300549111209t xxu||||| |||| 00| 0 eng d a0521085020 aHB141.W67 aMorishima, M. aThe working of econometric models /cM. Morishima (et al.....) aCambridge:bUniversity Press,cc1972. aix, 339 p.:bill.c24cm. aIncludes bibliographical references and index aContents: A Dynamic analysis of the American economy -- Input-output analysis of the effectiveness of fiscal policies for the United Kingdom -- A General equilibrium analysis of prices and outputs in Japan -- An Input-output analysis of disguised unemplyment in Japan. aEconometric models